Vũ Bằng tuyển tập; T1

Saved in:
Bibliographic Details
Main Author: Vũ Đăng Bằng
Format: Book
Language:Undetermined
Published: Hà Nội Văn Học 2000
Subjects:
Tags: Add Tag
No Tags, Be the first to tag this record!
Institutions: Trung tâm Học liệu Trường Đại học Cần Thơ
LEADER 00560nam a2200193Ia 4500
001 CTU_39537
008 210402s9999 xx 000 0 und d
020 |b 88.000đ 
082 |a 895.9223 
082 |b B116/T1 
100 |a Vũ Đăng Bằng 
245 0 |a Vũ Bằng tuyển tập; T1 
245 0 |c Vũ Đăng Bằng 
260 |a Hà Nội 
260 |b Văn Học 
260 |c 2000 
650 |a vietnamese literature - 20th century - collections 
904 |i Minh, 001124 
980 |a Trung tâm Học liệu Trường Đại học Cần Thơ